000 00854nam a2200253Ia 4500
003 OSt
005 20220923212053.0
006 a|||||r|||| 00| 0
007 ta
008 220922b |||||||| |||| 00| 0 hin d
024 _a150,537
037 _cTextual
040 _aARTS
_cARTS
_bhin
041 _2hin
_ahin
082 _a902, 152J51-;1
100 _aमल्लिक, सतयवती, संपा.
245 0 _aअमिट रेखॉए
246 _aAmiṭ rekhaॉe
260 _aनई दिल्ली
_b सस्ता साहित्य मण्डल प्रकाशन
_c1951
300 _a246 पृ.
_ccm.
650 _aभारतीय साहित्य
_9156264
942 _h902, 152J51-;1
_cTEXL
_2CC
999 _c306217
_d306217